Normal view
MARC view
Entry Meeting Name
001 - CONTROL NUMBER
- control field: 15745
003 - CONTROL NUMBER IDENTIFIER
- control field: OSt
005 - DATE AND TIME OF LATEST TRANSACTION
- control field: 20260427134012.0
008 - FIXED-LENGTH DATA ELEMENTS
- fixed length control field: 260427|| aca||aabn | a|a d
040 ## - CATALOGING SOURCE
- Original cataloging agency: OSt
- Transcribing agency: OSt
111 ## - HEADING--MEETING NAME
- Meeting name or jurisdiction name as entry element: World War (1939-1945)
670 ## - SOURCE DATA FOUND
- Source citation: Work cat.: (OSt)5831: Flores, Patrick D., author. 15314, Art after war, 1948-1969 /
